000 00467nam a2200181Ia 4500
008 230524s9999 xx 000 0 und d
020 _a9780071194495
082 _a628
_bDAV
100 _aMackenzie L.Davis
245 0 _a"Principles of Environmental Engineering and Science,"
250 _a1ST
260 _aNEW DELHI
_bMGH
_c2004
300 _aXII;691
500 _aQuantity Number: 10
650 _aEnvironmental
700 _a Susan J.Masten
942 _cBK
999 _c37902
_d37902